00673nam a22001937a 4500003000900000008004100009020001800050040007100068082002000139100001900159245006700178260004300245300005100288440004000339505002500379650002400404650001300428700003800441AR-CdUCM190328b ||||| |||| 00| 0 eng d a84-204-5833-3 aMUNICIPALIDAD PROVINCIAL DEL CUSCOcBIBLIOTECA MUNICIPAL DEL CUSCO aPI / 803 /bL65 aLindo, Elvira. aAmigos del alma :bDerecho a crecer al amparo de una familia / aEspaña :bAlfaguara,bUnicef,c2000. a31 páginas ;bilustraciones a color,c28 cm. aColección derechos del niño.n6 aContenido : Cuentos. aCuentos infantiles. aSiglo XX aUrberuaga, Emilio (ilustraciones)